Loading...
| Literature - World Literature | 0 | 3 | 0 | 1 | 30 | 10 | 95.00 | 1 | 1 |
| Social Science | 0 | 3 | 1 | 2 | 25 | 119 | 129.00 | 0 | 0 |
| Literature - European Literature | 0 | 2 | 0 | 1 | 20 | 148 | 154.00 | 0 | 0 |
| History - European History | 0 | 2 | 0 | 1 | 20 | 142 | 145.50 | 0 | 0 |
| History - World History | 0 | 2 | 0 | 0 | 20 | 131 | 142.00 | 0 | 0 |
| History - American History | 0 | 2 | 1 | 2 | 15 | 117 | 128.00 | 0 | 0 |
| Current Events | 0 | 1 | 0 | 1 | 10 | 150 | 150.00 | 0 | 0 |
| Mythology | 0 | 0 | 0 | 0 | 0 | 0.00 | 0 | 0 | |
| Fine Arts - Classical Music | 0 | 0 | 0 | 0 | 0 | 0.00 | 0 | 0 | |
| Literature - American Literature | 0 | 0 | 1 | 0 | -5 | 0.00 | 0 | 0 |